01420nam a2200385 i 450000100060000000300090000600500170001500800410003201500180007302000150009104000280010604100130013404600090014708000160015608000180017208000090019024502530019926000330045230000280048538000160051338800140052938800140054350400280055754600260058561000250061165000260063665000270066265100110068965500290070065800340072970000380076371000710080171000640087285600980093640958KOSZ 00520220624135621.0000725s2000 pl a |100 0 pol  aPB 2000/14636 a8371513585 aWA NcWA NdKOSZ 005/HR0 apolaeng k2000 a338.22(438) a339.923(4-67) a(06)00aUnia Europejska wobec procesów integracyjnych - wyzwania dla Polski :bmateriały z konferencji międzynarodowej zorganizowanej w Warszawie 25 listopada 1999 /c[red. nauk. Ewa Latoszek] ; Wyższa Szkoła Handlu i Finansów Międzynarodowych. aWarszawa :b"Elipsa",c2000. a225 s. :bil. ;c24 cm. aKsiążki a1901-2000 a1989-2000 aBibliogr. przy pracach. aTekst częśc. ang.24aUnia Europejska (UE) 7aIntegracja europejska 7aIntegracja gospodarcza 4aPolska 4aMateriały konferencyjne aGospodarka, ekonomia, finanse1 aLatoszek, Ewad(1954- )eRedakcja2 aWyższa Szkoła Handlu i Finansów Międzynarodowych (Warszawa)2 aElipsa Dom Wydawniczy i Handlowy, Włodzimierz Ulicki4pbl. uhttp://koha.tu.koszalin.pl/cgi-bin/koha/opac-detail.pl?biblionumber=40958yKatalog online BPK